کر کر س کے قا تل کو ن (Record no. 95204)

MARC details
000 -LEADER
fixed length control field 00715nam a22002177a 4500
005 - DATE AND TIME OF LATEST TRANSACTION
control field 20150724143725.0
008 - FIXED-LENGTH DATA ELEMENTS--GENERAL INFORMATION
fixed length control field 140714b xxu||||| |||| 00| 0 Urdu d
010 ## - LCCN (DPL NO)
LC control number UR-9228
020 q# - INTERNATIONAL STANDARD BOOK NUMBER
Terms of availability 200.00
035 ## - SYSTEM CONTROL NUMBER
System control number U-7783
037 ## - SOURCE OF ACQUISITION
Source of stock number/acquisition DBAD/Pub.
040 ## - CATALOGING SOURCE
Original cataloging agency DPL
Language of cataloging Urdu
082 ## - DEWEY DECIMAL CLASSIFICATION NUMBER
Classification number 303.625
100 ## - MAIN ENTRY--PERSONAL NAME
Personal name ا يس ا يم مشر ف
245 ## - TITLE STATEMENT
Title کر کر س کے قا تل کو ن
Statement of responsibility, etc ا يس ا يم مشر ف
246 ## - VARYING FORM OF TITLE
Title proper/short title Karkare ke Qatil Kaun
Remainder of title By S.M. Musharaf
260 ## - PUBLICATION, DISTRIBUTION, ETC. (IMPRINT)
Place of publication, distribution, etc NewDelhi
Date of publication, distribution, etc 2010
Name of publisher, distributor, etc Pharos Media & Publishing Pvt.Ltd.
270 ## - ADDRESS
Address D-84Abul Fazal Enclave -1,Jamia Nagar,
City New Delhi
Postal code 110025
Telephone number 01126947483
300 ## - PHYSICAL DESCRIPTION
Extent 311ص
Dimensions 22Cm (Hb)
942 ## - ADDED ENTRY ELEMENTS (KOHA)
Source of classification or shelving scheme Dewey Decimal Classification
Item type Urdu Bks
Edition
Classification part 303.625
Call number suffix ا ي س
Holdings
Withdrawn status Lost status Source of classification or shelving scheme Damaged status Not for loan Collection code Home library Current library Date acquired Source of acquisition Cost, normal purchase price Total Checkouts Full call number Barcode Date last seen Copy number Cost, replacement price Koha item type
    Dewey Decimal Classification   Not For Loan Non-fiction D.B.Act.Division D.B.Act.Division 24/07/2015 DBAD/Pub. 200.00   303.625 ا ي س U-7783 24/07/2015 1 200.00 Urdu Bks

© Delhi Public Library
Hit Counter
free hit counter